Revista Derecho Constitucional

Detalles Bibliográficos
Formato: eBook
Lenguaje:español
Publicado: Cr̤doba: Universidad Blas Pascal, 2019 -
Materias:
Acceso en línea:Acceso restringido

MARC

LEADER 00000nam a22000007a 4500
005 20210906214634.0
007 cr|||| ||||
008 210906c20219999ar n|w s|||| 0|||b1spa d
022 |a 2683-9016 
035 |a 34832 
040 |a vLex 
090 |c 12267  |d 12267 
245 0 0 |a Revista Derecho Constitucional  |h [Recurso electrn̤ico] / 
256 |a Servicio en ln̕ea 
260 |a Cr̤doba:  |b Universidad Blas Pascal,  |c 2019 - 
300 |a 1 recurso electrn̤ico 
310 |a Irregular 
362 |a Nð 1-1 (Nov. 2019) - 
506 1 |a Disponible solo en los productos indicados  |d vLex Global  |d vLex Global (Academic Edition, excluding Law Schools)  |d vLex Global (U.S. Academic Edition, Law Schools)  |d vLex Global (U.S. Academic Edition, excluding Law Schools)  |d vLex Global (Academic Edition, Law Schools) 
650 0 4 |a Derecho Constitucional  |z Argentina 
740 0 |a vLex Revistas (Servicio en ln̕ea) 
856 4 0 |u https://app.vlex.com/#/sources/34832  |z Acceso restringido 
942 |c REV 
999 0 |a Constitutional right